Á lódáil...

Sociology the core

Sonraí Bibleagrafaíochta
Main Authors: Hughes, Michael, Krochler, Carolyn J, Zanden, James Vander W
Foilsithe: Boston, McGraw-Hill 1999
Eagrán:5
Ábhair:
LEADER 004790000a22001690004500
020 |a 0-07-031144-7 
082 |a 301 N9 
100 |a Hughes, Michael 
100 |a Krochler, Carolyn J 
100 |a Zanden, James Vander W 
245 |a Sociology the core 
250 |a 5 
260 |a Boston, McGraw-Hill 
260 |c 1999 
650 |a Sociology 
999 |c 89381  |d 89381 
952 |0 0  |1 0  |4 0  |6 301_000000000000000_N9  |7 0  |9 81715  |a SBES  |b SBES  |d 2016-08-12  |l 0  |o 301 N9  |p SBES01937  |r 2016-08-12  |w 2016-08-12